Animated Movies of the Last 25 Years II Quiz Stats

 Plays Quiz Updated Jan 1, 2019

Score 0/25 Timer 08:00
11 Plays Today
% Correct
Frozen
98.6%
Kung Fu Panda
97%
Tarzan
96%
Despicable Me
95.3%
The Incredibles
94.3%
Lilo and Stitch
93.7%
The Peanuts Movie
91.8%
Hercules
87.5%
Big Hero 6
85.7%
Rio
84.1%
Coco
81.6%
Ratatouille
80.3%
The Secret Life of Pets
80.1%
% Correct
Brother Bear
80.1%
Coraline
78.3%
Corpse Bride
74.8%
The Hunchback of Notre Dame
72.2%
Over the Hedge
68%
Spirited Away
55.6%
Smallfoot
51.1%
The Prince of Egypt
51%
The Road to El Dorado
47.9%
Balto
42.8%
Paranorman
35.9%
Thumbelina
27.5%

You're not logged in!

Compare scores with friends on all Sporcle quizzes.
OR
Log In

You Might Also Like...

Show Comments

Extras

Top Quizzes Today


Score Distribution

Your Account Isn't Verified!

In order to create a playlist on Sporcle, you need to verify the email address you used during registration. Go to your Sporcle Settings to finish the process.

Report this User

Report this user for behavior that violates our Community Guidelines.

Details: